Estrela Polar (Registo nº 202093)

Detalhes MARC
000 -Etiqueta do registo
Valores 00645nam 22002293 4500
021 ## - Número do Depósito Legal
Código do país Portugal
100 ## - Dados gerais de processamento
Dados gerais 20230714d u||y0pory50 ba
101 ## - Língua de publicação
Língua Português
102 ## - País de publicação
País Portugal
200 ## - Titulo e menção de responsabilidade
Título próprio Estrela Polar
Primeira menção de responsabilidade Vergílio Ferreira
Informação de outro título romance
210 ## - Publicação
Local de publicação Lisboa
Nome do editor Portugália
Data de publicação [19--?]
215 ## - Descrição física 
Paginação / Volumes 316, [3] p.
Outras indicações físicas brochado
Dimensões 20 cm
225 ## - Colecção 
Título próprio da colecção Contemporânea
Número de parte ou secção 33
300 ## - Notas gerais 
Texto da nota Contém dedicatória na folha de rosto<br/>
606 ## - Nome comum usado como assunto
Palavra de ordem Literatura Portuguesa
ID Autoridade 6
675 ## - CDU
Notação 821.134.3-3
Edição PT
Língua por
700 ## - Autor principal (pessoa individual)
ID Autoridade 1045
Apelido Ferreira
Nome Vergílio
Datas 1916-1996
801 ## - Fonte de origem
País PT
Agência BMMN
Regras de catalogação RPC
830 ## - Notas gerais do catalogador
Criado por Ana Falardo
Indexado por Ana Falardo
990 ## - Elementos KOHA
Tipo de documento Livro
Exemplares
Situação do levantamento Biblioteca de origem Código de barras Cota Permissão de empréstimo Tipo de documento Nota relativa ao exemplar Forma de aquisição
  Biblioteca Municipal de Montemor-o-Novo 31512 821.134.3-3 FER|SAF   Livro Acesso Condicionado Oferta

Powered by Koha